| 000 | 00889nam a22002897a 4500 | ||
|---|---|---|---|
| 003 | CHAP | ||
| 005 | 20220329134103.0 | ||
| 008 | 971013s1976 r 00010 d | ||
| 010 | _a15182 | ||
| 011 | _a16154 | ||
| 035 | _a20232 | ||
| 040 | _cCHAP | ||
| 082 |
_a300.18 _bH4 |
||
| 100 | 0 | 0 |
_aHerzon, Frederick D. _955030 |
| 245 | _aIntroduction to statistics for the social sciences | ||
| 260 |
_aNew York : _bHarper and Row, _c1976 |
||
| 300 | _a492 p. | ||
| 590 |
_aBATCH-UPD _b10 _c20130110 _lUCH01 _h2156 |
||
| 590 |
_aBATCH-UPD _b10 _c20130410 _lUCH01 _h1504 |
||
| 590 |
_aBATCH-UPD _b10 _c20130914 _lUCH01 _h0938 |
||
| 590 |
_aCONVERSION _b10 _c20130109 _lUCH01 _h1310 |
||
| 650 | 1 | 4 |
_aCiencias sociales _xMétodos estadÃsticos. _923232 |
| 700 | 0 |
_aHooper, Michael. _956170 |
|
| 901 | _aBK | ||
| 942 | _cLIBRO | ||
| 949 |
_a300.18 H4 _bBC _cLIBRO _d33724000226361 _eLIBRO _h55777 _i20232 _si |
||
| 999 |
_c15182 _d15182 |
||